00393 a2200157 4500001000700000003000400007005001700011008004100028082001600069100001500085245006700100250001200167260002900179300001000208700001700218065868OSt20210903170235.0  a515.9bS17F1 aSaff, E.B.1 aFundamentals of complex analysiscby E.B. Saff and A.D. Srider a3rd ed. aNew DelhibPearsonc2009 a523p. aSrider, A.D.